| 000 | 00561nam a22001697a 4500 | ||
|---|---|---|---|
| 008 | 160527b xxu||||| |||| 00| 0 eng d | ||
| 020 | _a0911910352 | ||
| 082 |
_22003 _aDC 616.22 _bM54 |
||
| 245 |
_aMerck manual of medical information/ _cRobert Berkow, editor-in-chief. |
||
| 250 | _a2nd Home Edition | ||
| 260 |
_aNew Jersey: _bMerck Research Laboratories, _cc2003. |
||
| 300 |
_axxxviii, 1907 pages; _c24 cm. |
||
| 500 | _aIncludes appendices and index. | ||
| 650 | 0 |
_99310 _aMedicine, Popular |
|
| 700 |
_99311 _aBerkow, Robert _eEditor |
||
| 942 |
_2ddc _cDC |
||
| 999 |
_c2806 _d2806 |
||